01185nam a2200301 i 4500001001000000003000900010005001700019007000300036008004100039020001800080040003000098082002800128100003900156245018400195250001700379264004900396300004000445336002700485337003300512338002800545500006300573504004000636650002200676700004700698700004600745700004700791700004500838000019540DO-SdBNP20240717153537.0ta100630s2008 cu c 000 0 spa d a9789590304552 aDO-SdBNPbspacBNPHUerda 4a791.43bS237d, 20082221 aSantovenia, Rodolfo,d1929-eautor10aDiccionario de cine :btérminos artísticos y técnicos /cRodolfo Santovenia ; corrección, Mercedes Carballo Pérez, Maritza Vázquez Valdés y Ofelia Gavilán Pedroso. a3a edición aLa Habana, Cuba :bArte y Literatura,c2008. a282 páginas :bretratos ;c21 cm. 2rdacontentatextobtxt 2rdamediaasin mediaciónbn 2rdacarrieravolumenbnc aIncluye datos biográficos del autor en la contracubierta aBibliografías : páginas 279-282 4aCinexDiccionario1 aFernández López, Isabel F.,eedición1 aCarballo Pérez, Mercedes,ecorrección1 aVázquez Valdés, Maritza,ecorrección1 aGavilán Pedroso, Ofelia,ecorrección